|
|
|
|
| LEADER |
00806cam a2200205 7i4500 |
| 001 |
0000033020 |
| 005 |
20221221090000.0 |
| 008 |
100402 eng |
| 020 |
|
|
|a 9780470261934 (hbk.)
|
| 040 |
|
|
|a DLC
|
| 090 |
0 |
0 |
|a TD208
|b .A37 2008
|
| 100 |
1 |
|
|a Adrien, Nicolas G
|
| 245 |
1 |
0 |
|a Processing water, wastewater, residuals, and excreta for health and environmental protection :
|b an encyclopedic dictionary
|c Nicolas G. Adrien.
|
| 260 |
|
|
|a Hoboken, N.J.:
|b Wiley,
|c 2008.
|
| 300 |
|
|
|a xi, 1131 p.:
|b ill.;
|c 26 cm.
|
| 504 |
|
|
|a Includes bibliographical references
|
| 650 |
0 |
0 |
|a Water --
|x Purification
|
| 997 |
|
|
|a Engineering & Life Sciences, Faculty
|b Science & Biotechnology, Department
|
| 998 |
|
|
|a Biotechnology, Degree
|
| 999 |
|
|
|a 0000042190
|b BOK
|c REFERENCE
|e Ground Floor, Bestari Jaya
|